000
00336cam a2200145 4500
008
040513n2004 000 0 eng u
020
_a
0414015002
035
_a
(Sirsi) u126185
041
_a
eng
100
_a
Dailly, Mike
245
_a
Housing law in practice
260
_a
Edinburgh
_b
W Green
_c
2004
350
_a
45
942
_n
0
999
_c
103583
_d
103583